Catálogo público

Estudio para el establecimiento de una planta productora de piloncillo / (Record no. 171411)

MARC details
000 -CABECERA
campo de control de longitud fija 04103nam a2200445 a 4500
001 - NÚMERO DE CONTROL
campo de control dia_862
003 - IDENTIFICADOR DEL NÚMERO DE CONTROL
campo de control CHAP
005 - FECHA Y HORA DE LA ÚLTIMA TRANSACCIÓN
campo de control 20260203180922.0
007 - CAMPO FIJO DE DESCRIPCIÓN FÍSICA--INFORMACIÓN GENERAL
campo de control de longitud fija ta
008 - DATOS DE LONGITUD FIJA--INFORMACIÓN GENERAL
campo de control de longitud fija 220117s1976 mx d frm 001 0 spa d
010 ## - NÚMERO DE CONTROL DE LA BIBLIOTECA DEL CONGRESO
Número de control de LC 171411
040 ## - FUENTE DE LA CATALOGACIÓN
Centro/agencia transcriptor CHAP
Centro catalogador/agencia de origen mxchpua
Normas de descripción rda
041 0# - CÓDIGO DE LENGUA
Código de lengua del texto/banda sonora o título independiente spa
Código de lengua del sumario o resumen spa
090 ## - LOCALMENTE ASIGNADO TIPO-LC NÚMERO DE CLASIFICACIÓN (OCLC); NÚMERO DE CLASIFICACIÓN LOCAL (RLIN)
Número de clasificación (OCLC) (R) ; Numero de clasificación, CALL (RLIN) (NR) Tesis
Número cutter local (OCLC) ; Número de libro/Signatura topográfica íntegra, CALL (RLIN) V37
año 1976
100 1# - ENTRADA PRINCIPAL--NOMBRE DE PERSONA
Nombre de persona Varela López, Francisco Javier
245 13 - MENCIÓN DE TÍTULO
Título Estudio para el establecimiento de una planta productora de piloncillo /
Mención de responsabilidad, etc. José R. Castresana Hernández, Juan E. Hernández Silva, Jorge Paredes Blancas, Raymundo Rubio Villegas, J. Rafael Torres Olguín y Francisco Javier Varela López
264 ## - PRODUCCIÓN, PUBLICACIÓN, DISTRIBUCIÓN, FABRICACIÓN Y COPYRIGHT
Producción, publicación, distribución, fabricación y copyright México :
Nombre del de productor, editor, distribuidor, fabricante El autor,
Fecha de producción, publicación, distribución, fabricación o copyright 1976
300 ## - DESCRIPCIÓN FÍSICA
Extensión 185 hojas :
Otras características físicas gráficas, diagramas
336 ## - TIPO DE CONTENIDO
Fuente rdacontent
Término de tipo de contenido texto
Código de tipo de contenido txt
337 ## - TIPO DE MEDIO
Fuente rdamedia
Nombre/término del tipo de medio no mediado
Código del tipo de medio n
338 ## - TIPO DE SOPORTE
Fuente rdacarrier
Nombre/término del tipo de soporte volumen
Código del tipo de soporte nc
502 ## - NOTA DE TESIS
Nota de tesis Tesis
Tipo de título (Licenciado en Administración) --
Nombre de la institución que otorga el título UNAM. Facultad de Contaduría y Administración,
Año de obtención del título 1976
504 ## - NOTA DE BIBLIOGRAFÍA, ETC.
Nota de bibliografía, etc. Bibliografía: hojas 183-185
520 ## - SUMARIO, ETC.
Sumario, etc. El desarrollo económico es hoy día uno de los problemas más complejos y urgentes que presenta nuestro país, la constante emigración del medio rural hacia las ciudades industriales y comerciales, así como, el elevado incremento demográfico, el cual es del 3.5 % (l) anual, son fenómenos que plantean la urgente necesidad de descentralizar la población y de producir cada vez mayor cantidad de bienes y servicios que permitan satisfacer la creciente demanda de la población. Para lo cual es necesario que se establezcan políticas que tiendan a descentralizar tanto la industria como la educación, así como también, a racionalizar los recursos disponibles, a través de las técnicas de la coordinación, con el objeto de mejorar el nivel de vida económico y social de los habitantes, mediante el incremento en la producción y el reparto equitativo del ingreso. <br/><br/>La población urbana crece a razón del 5.4 % (2)anual, como consecuencia de la emigración del campo y la elevada tasa de incremento natural, observándose un incremento mayor en aquellas ciudades que se caracterizan principalmente por un elevado desarrollo industrial y comercial, el cual fluctúa entre el 7 y 14 °/o anual, esta sobrepoblación provoca entre otros, el problema de marginalidad urbana y los cinturones de miseria, originándose dichos fenómenos por la insuficiencia que presenta la economía urbana para observar el movimiento rural urbano.<br/><br/>La población rural emigra hacia las grandes ciudades en busca de medios que le proporcionen un mejor nivel de vida, sumándose por lo tanto, a la población ya existente que está en edad de trabajar pero que carece de calificación técnica, aumentando así el subempleo, además de contribuir a que los salarios se mantengan bajos debido al exceso de mano de obra. Por lo que es importante, atender con prioridad los problemas que originan la emigración, proporcionando los medios que permitan ayudar a arraigar al campesino a su tierra natal, mediante el mejoramiento de su nivel de vida económico y social. <br/><br/>El grupo que elabora el presente estudio, tiene como meta determinar la factibilidad de realizar un proyecto para la industrialización de productos agrícolas en una comunidad campesina del Estado de Michoacán.
650 13 - PUNTO DE ACCESO ADICIONAL DE MATERIA--TÉRMINO DE MATERIA
Término de materia o nombre geográfico como elemento de entrada Panela
Fuente del encabezamiento o término atg
650 13 - PUNTO DE ACCESO ADICIONAL DE MATERIA--TÉRMINO DE MATERIA
Término de materia o nombre geográfico como elemento de entrada Industria azucarera
Subdivisión general Iniciativa empresarial
Subdivisión geográfica México
-- Michoacán
Fuente del encabezamiento o término atg
650 13 - PUNTO DE ACCESO ADICIONAL DE MATERIA--TÉRMINO DE MATERIA
Término de materia o nombre geográfico como elemento de entrada Jaggery
Fuente del encabezamiento o término atg
650 13 - PUNTO DE ACCESO ADICIONAL DE MATERIA--TÉRMINO DE MATERIA
Término de materia o nombre geográfico como elemento de entrada Sugar industry
Subdivisión geográfica Mexico
-- Michoacán
Subdivisión general Entrepreneurship
Fuente del encabezamiento o término atg
700 1# - PUNTO DE ACCESO ADICIONAL--NOMBRE DE PERSONA
Nombre de persona Castresana Hernández, José R.
Término indicativo de función/relación autor
700 1# - PUNTO DE ACCESO ADICIONAL--NOMBRE DE PERSONA
Nombre de persona Hernández Silva, Juan E.
Término indicativo de función/relación autor
700 1# - PUNTO DE ACCESO ADICIONAL--NOMBRE DE PERSONA
Nombre de persona Paredes Blancas, Jorge
Término indicativo de función/relación autor
700 1# - PUNTO DE ACCESO ADICIONAL--NOMBRE DE PERSONA
Nombre de persona Rubio Villegas, Raymundo
Término indicativo de función/relación autor
700 1# - PUNTO DE ACCESO ADICIONAL--NOMBRE DE PERSONA
Nombre de persona Torres Olguín, J. Rafael
Término indicativo de función/relación autor
700 1# - PUNTO DE ACCESO ADICIONAL--NOMBRE DE PERSONA
Nombre de persona Rodríguez Morales, Marco Antonio
Término indicativo de función/relación director
856 42 - LOCALIZACIÓN Y ACCESO ELECTRÓNICOS
Identificador Uniforme del Recurso <a href="https://tesiunamdocumentos.dgb.unam.mx/pmig2020/0176987/Index.html">https://tesiunamdocumentos.dgb.unam.mx/pmig2020/0176987/Index.html</a>
Texto de enlace DISPONIBLE EN TESIUNAM
901 ## - ELEMENTOS DE DATOS A LOCAL LDA (RLIN)
a TESIS V37 1976
942 ## - ELEMENTOS DE PUNTO DE ACCESO ADICIONAL (KOHA)
Tipo de ítem Koha TESIS
Fuente del sistema de clasificación o colocación Clasificación Universidad Autónoma Chapingo
902 ## - ELEMENTOS DE DATOS B LOCAL, LDB (RLIN)
a M
905 ## - ELEMENTOS DE DATOS E LOCAL, LDE (RLIN)
a 0000001976 mx 0000000000spa00
Holdings
Estado de retiro Estado de pérdida Fuente del sistema de clasificación o colocación Estado dañado Restricciones de uso No para préstamo Código de colección Localización permanente Ubicación/localización actual Fuente de adquisición Total de préstamos Signatura topográfica completa Código de barras Fecha visto por última vez Número de copia Tipo de ítem Koha Fecha de adquisición Precio válido a partir de
    Clasificación Universidad Autónoma de Chapingo   Préstamo interno   Tesis Ingenieria Agroindustrial Ingenieria Agroindustrial El autor   Tesis V37 1976 1101016341 02/02/2026 Ej. 1 Tesis    
    Clasificación Universidad Autónoma de Chapingo   Préstamo 5 días   Tesis Ingenieria Agroindustrial Ingenieria Agroindustrial El autor   Tesis V37 1976 1101016342 03/02/2026 Ej. 2 Tesis 03/02/2026 03/02/2026